[Event "GER-chB Seniors 26th"]
[Site "Bad Neuenahr"]
[Date "2014.08.12"]
[Round "8"]
[White "Glienke, Norbert"]
[Black "Moews, Harald"]
[Result "1-0"]
[WhiteElo "1834"]
[BlackElo "1837"]
[PlyCount "50"]
[EventDate "2014.08.05"]
[EventType "swiss"]
[EventRounds "9"]
[EventCountry "GER"]
[SourceTitle "EXT 2018"]
[Source "ChessBase"]
[SourceDate "2017.10.13"]
[SourceVersion "1"]
[SourceVersionDate "2017.10.13"]
[SourceQuality "1"]

1. e4 e6 2. d4 c6 3. Nf3 d6 4. Bd3 Be7 5. 0-0 Nf6 6. Re1 Nbd7 7. Nbd2 0-0 8. Nf1 c5 9. c3 a6 10. a4 Qb6 11. a5 Qd8 12. Ng3 Nb8 13. e5 Nfd7 14. exd6 Bxd6 15. Bxh7+ Kxh7 16. Ng5+ Kg8 17. Qh5 Nf6 18. Qh4 cxd4 19. N3e4 Bxh2+ 20. Qxh2 Nbd7 21. cxd4 b5 22. Nd6 Nb8 23. Bf4 Re8 24. Ndxf7 Nh7 25. Nxd8 Rxd8 1-0

[Event "GER-chB Seniors 26th"]
[Site "Bad Neuenahr"]
[Date "2014.08.08"]
[Round "4"]
[White "Glienke, Norbert"]
[Black "Krueger, Bernhard"]
[Result "1-0"]
[WhiteElo "1834"]
[BlackElo "1716"]
[PlyCount "81"]
[EventDate "2014.08.05"]
[EventType "swiss"]
[EventRounds "9"]
[EventCountry "GER"]
[SourceTitle "EXT 2018"]
[Source "ChessBase"]
[SourceDate "2017.10.13"]
[SourceVersion "1"]
[SourceVersionDate "2017.10.13"]
[SourceQuality "1"]

1. e4 d5 2. exd5 Qxd5 3. Nc3 Qa5 4. d4 c6 5. Nf3 Bg4 6. h3 Bxf3 7. Qxf3 e6 8. Bd2 Qd8 9. 0-0-0 Nf6 10. Bg5 Be7 11. Bc4 0-0 12. Rhe1 Nd5 13. Bxe7 Nxe7 14. Kb1 Nd7 15. g4 Ng6 16. Qg3 Nb6 17. Bd3 Qb8 18. Qxb8 Raxb8 19. Bxg6 hxg6 20. Ne4 Nd5 21. Nc5 Rfd8 22. Nd3 a5 23. c4 Nc7 24. Ne5 a4 25. a3 Rd6 26. Rd3 b5 27. c5 Rd5 28. Nxc6 Re8 29. Nb4 Rdd8 30. Red1 Nd5 31. Nxd5 Rxd5 32. Kc2 f5 33. Kc3 f4 34. Re1 Kf7 35. Re5 Rdd8 36. Rf3 g5 37. Rxg5 Kf6 38. h4 e5 39. Rf5+ Kg6 40. h5+ Kh7 41. Rxe5 1-0

[Event "SVR-ch Seniors 37th"]
[Site "Heimbach Weis"]
[Date "2014.04.11"]
[Round "1"]
[White "Glienke, Norbert"]
[Black "Steger, Wolfgang"]
[Result "1/2-1/2"]
[WhiteElo "1610"]
[BlackElo "1802"]
[PlyCount "83"]
[EventDate "2014.04.11"]
[EventType "tourn"]
[EventRounds "9"]
[EventCountry "GER"]
[SourceTitle "CBM 160 Extra"]
[Source "ChessBase"]
[SourceDate "2014.07.01"]
[SourceVersion "1"]
[SourceVersionDate "2014.07.01"]
[SourceQuality "1"]

1. e4 c5 2. d4 cxd4 3. c3 Nc6 4. Nf3 e6 5. cxd4 d5 6. exd5 Qxd5 7. Nc3 Qd8 8. Bc4 Nf6 9. 0-0 Be7 10. Bf4 a6 11. Rc1 0-0 12. d5 exd5 13. Nxd5 Nxd5 14. Bxd5 Bd7 15. Qb3 Na5 16. Qe3 Bc6 17. Bxc6 Nxc6 18. Rfd1 Qe8 19. Qb6 Qc8 20. Qe3 Re8 21. Qd3 Qg4 22. Bg3 Rad8 23. Qb3 Qb4 24. Qxb4 Nxb4 25. a3 Nd3 26. Rb1 Bf6 27. b3 Rd7 28. h3 Rc8 29. Ne1 Rc3 30. Nxd3 Rdxd3 31. Rxd3 Rxd3 32. Kf1 b5 33. Ke2 Rc3 34. Kd2 Rc6 35. Rc1 Bg5+ 36. f4 Rd6+ 37. Ke2 Bd8 38. Rc8 Kf8 39. f5 Rd5 40. Bc7 Ke8 41. Bxd8 Rxd8 42. Rc6 1/2-1/2

[Event "Bad Godesberg op 17th"]
[Site "Bad Godesberg"]
[Date "2013.08.07"]
[Round "5"]
[White "Glienke, Norbert"]
[Black "Quaegwer, Gerhard"]
[Result "1-0"]
[WhiteElo "1835"]
[BlackElo "1430"]
[PlyCount "125"]
[EventDate "2013.08.03"]
[EventType "swiss"]
[EventRounds "9"]
[EventCountry "GER"]
[SourceTitle "CBM 155 Extra"]
[Source "ChessBase"]
[SourceDate "2013.08.26"]
[SourceVersion "1"]
[SourceVersionDate "2013.08.26"]
[SourceQuality "1"]

1. e4 e5 2. Nf3 Nc6 3. Bb5 Nf6 4. 0-0 d6 5. Re1 Be7 6. c3 0-0 7. d3 a6 8. Ba4 b5 9. Bc2 Bg4 10. h3 Bh5 11. Nbd2 Qd7 12. Nf1 h6 13. Ng3 Bg6 14. Nh4 Bh7 15. Nhf5 Rfe8 16. Be3 Bf8 17. Qf3 Nd8 18. Nxh6+ gxh6 19. Qxf6 Re6 20. Qf3 Re7 21. Nh5 Qe6 22. Nf6+ Kg7 23. Nh5+ Kh8 24. Bb3 Qg6 25. Ng3 Ne6 26. Nf5 Rd7 27. Nh4 Qg7 28. Qh5 Ng5 29. Bxg5 Qxg5 30. Qxg5 hxg5 31. Nf3 f6 32. Nh2 c6 33. Re3 d5 34. a4 Bc5 35. Rf3 Rf8 36. axb5 axb5 37. exd5 cxd5 38. Ng4 Kg7 39. Ra6 Rd6 40. Rxd6 Bxd6 41. Bxd5 f5 42. Ne3 e4 43. dxe4 fxe4 44. Rxf8 Kxf8 45. Ng4 Kg7 46. Kf1 Bf5 47. Ke2 b4 48. Ne3 Kf6 49. Nc4 bxc3 50. bxc3 Bc5 51. Ne3 Bg6 52. g4 Ke5 53. c4 Kf4 54. Nf1 Bh7 55. Nd2 Bxf2 56. Bxe4 Bxe4 57. Nxe4 Bb6 58. Kd3 Bc7 59. c5 Be5 60. c6 Bc7 61. Nc5 Kg3 62. Ne6 Bf4 63. Nxf4 1-0

[Event "Bad Godesberg op 17th"]
[Site "Bad Godesberg"]
[Date "2013.08.05"]
[Round "3"]
[White "Glienke, Norbert"]
[Black "Pislaru, Marius Alexander"]
[Result "0-1"]
[WhiteElo "1835"]
[BlackElo "1117"]
[PlyCount "98"]
[EventDate "2013.08.03"]
[EventType "swiss"]
[EventRounds "9"]
[EventCountry "GER"]
[SourceTitle "CBM 155 Extra"]
[Source "ChessBase"]
[SourceDate "2013.08.26"]
[SourceVersion "1"]
[SourceVersionDate "2013.08.26"]
[SourceQuality "1"]

1. e4 e6 2. d4 d5 3. Nd2 Nf6 4. Bd3 c5 5. c3 Nc6 6. Ngf3 Qc7 7. 0-0 cxd4 8. cxd4 Be7 9. Re1 0-0 10. e5 Nd7 11. Nb3 f6 12. Be3 fxe5 13. dxe5 Ndxe5 14. Nxe5 Nxe5 15. Rc1 Nc4 16. Qh5 g6 17. Bxg6 Bf6 18. Bd3 Bxb2 19. Rc2 Be5 20. Bxc4 dxc4 21. Rxc4 Qxc4 22. Qxe5 Rf5 23. Qg3+ Kf7 24. Rc1 Qd5 25. Bh6 Ke7 26. Qg7+ Rf7 27. Bg5+ Ke8 28. Qg8+ Rf8 29. Qg7 Rf7 30. Qh6 Qf5 31. Bh4 Bd7 32. Nd4 Qf4 33. Qxf4 Rxf4 34. Nf3 Rc8 35. Rd1 Rc2 36. Ne5 Rxh4 37. g3 Rh5 38. Nxd7 Rf5 39. f4 Kf7 40. Ne5+ Ke7 41. Rd7+ Ke8 42. Rxb7 h5 43. Rb8+ Ke7 44. Rb7+ Kd6 45. Rd7+ Kc5 46. Nd3+ Kc4 47. Ne5+ Kc3 48. Rc7+ Kd2 49. Kg2 h4 0-1

[Event "SVR-op 35th"]
[Site "Nickenich"]
[Date "2012.04.07"]
[Round "7"]
[White "Vossen, Harald"]
[Black "Glienke, Norbert"]
[Result "1/2-1/2"]
[WhiteElo "1697"]
[BlackElo "1852"]
[PlyCount "78"]
[EventDate "2012.03.30"]
[EventType "swiss"]
[EventRounds "7"]
[EventCountry "GER"]
[SourceTitle "EXT 2013"]
[Source "ChessBase"]
[SourceDate "2012.11.22"]
[SourceVersion "1"]
[SourceVersionDate "2012.11.22"]
[SourceQuality "1"]

1. d4 d6 2. c4 e5 3. dxe5 dxe5 4. Qa4+ Nc6 5. Nc3 Bd7 6. e4 Bd6 7. Nf3 Nf6 8. h3 a6 9. a3 h6 10. Be3 b5 11. cxb5 axb5 12. Qxb5 Nd4 13. Qd3 c5 14. Be2 Qa5 15. 0-0 Qb6 16. Rab1 0-0 17. Nd2 Qb7 18. Nc4 Bc7 19. Bd1 Rfd8 20. b4 Bc6 21. Bxd4 cxd4 22. b5 dxc3 23. bxc6 Qxc6 24. Qxc3 Nxe4 25. Qc2 Rd4 26. Rc1 Rad8 27. Bf3 f5 28. Rfe1 Qc5 29. Ne3 Qxc2 30. Rxc2 Ba5 31. Rd1 Rxd1+ 32. Nxd1 Nd2 33. Be2 Kh7 34. Rc5 Nb3 35. Rxe5 Nd4 36. Bh5 Bc7 37. Re1 Nc2 38. Re7 Bd6 39. Rf7 Nxa3 1/2-1/2

[Event "SVR-op 35th"]
[Site "Nickenich"]
[Date "2012.04.05"]
[Round "5"]
[White "Remy, Jochen"]
[Black "Glienke, Norbert"]
[Result "1-0"]
[WhiteElo "1982"]
[BlackElo "1852"]
[PlyCount "91"]
[EventDate "2012.03.30"]
[EventType "swiss"]
[EventRounds "7"]
[EventCountry "GER"]
[SourceTitle "EXT 2013"]
[Source "ChessBase"]
[SourceDate "2012.11.22"]
[SourceVersion "1"]
[SourceVersionDate "2012.11.22"]
[SourceQuality "1"]

1. Nf3 g6 2. c4 c5 3. g3 Nc6 4. Bg2 Bg7 5. Nc3 d6 6. 0-0 Nf6 7. d4 cxd4 8. Nxd4 Nxd4 9. Qxd4 0-0 10. Qd3 a6 11. b3 Qc7 12. Bd2 Bd7 13. Rac1 Rac8 14. h3 Qb8 15. Rfe1 Bc6 16. e4 Rfe8 17. Nd5 Nxd5 18. exd5 Bd7 19. Bg5 Bf5 20. Qd2 e5 21. dxe6 Rxe6 22. g4 Rxe1+ 23. Rxe1 Be6 24. Rd1 Bf8 25. Bf4 Qa7 26. Bxd6 Rd8 27. Qf4 Qb6 28. c5 Qa5 29. b4 Qa4 30. Rd2 Qa3 31. Re2 Qd3 32. Rd2 Qc3 33. Be5 Qxd2 34. Qf6 Qe1+ 35. Kh2 Qxe5+ 36. Qxe5 b6 37. Qc7 Rd2 38. Qxb6 Rxf2 39. Qd8 Rxa2 40. Kg3 Kg7 41. Qd4+ Kg8 42. Bd5 Ra3+ 43. Kg2 Bg7 44. Qe4 Bxd5 45. Qxd5 Bc3 46. c6 1-0

[Event "SVR-op 35th"]
[Site "Nickenich"]
[Date "2012.04.01"]
[Round "3"]
[White "Ewert, Kenny"]
[Black "Glienke, Norbert"]
[Result "0-1"]
[WhiteElo "787"]
[BlackElo "1852"]
[PlyCount "84"]
[EventDate "2012.03.30"]
[EventType "swiss"]
[EventRounds "7"]
[EventCountry "GER"]
[SourceTitle "EXT 2013"]
[Source "ChessBase"]
[SourceDate "2012.11.22"]
[SourceVersion "1"]
[SourceVersionDate "2012.11.22"]
[SourceQuality "1"]

1. e4 d6 2. d4 Nf6 3. Nc3 e5 4. dxe5 dxe5 5. Qxd8+ Kxd8 6. Nf3 Bd6 7. Ng5 Ke8 8. Bc4 Rf8 9. f3 h6 10. Nh3 c6 11. Nf2 b5 12. Bb3 Nbd7 13. Be3 Nc5 14. Rd1 Ke7 15. Bxc5 Bxc5 16. Nd3 Bd6 17. f4 Nd7 18. f5 a5 19. a4 b4 20. Ne2 Ba6 21. Ng1 Nf6 22. Nf3 Nd7 23. Kf2 Rfd8 24. Rd2 Nc5 25. Ke3 Bxd3 26. Rxd3 Nxd3 27. Kxd3 Ra7 28. Rd1 Rad7 29. Kc4 Bc7 30. Rxd7+ Rxd7 31. Kc5 g6 32. fxg6 fxg6 33. Kxc6 Kd8 34. Bd5 g5 35. c4 bxc3 36. bxc3 Rd6+ 37. Kc5 Rf6 38. c4 Rf4 39. Kb5 g4 40. Nh4 Rf2 41. Nf5 h5 42. Bf7 h4 0-1

[Event "SVR-op 35th"]
[Site "Nickenich"]
[Date "2012.03.31"]
[Round "2"]
[White "Glienke, Norbert"]
[Black "Doetsch, Dorothee"]
[Result "1-0"]
[WhiteElo "1852"]
[BlackElo "1405"]
[PlyCount "121"]
[EventDate "2012.03.30"]
[EventType "swiss"]
[EventRounds "7"]
[EventCountry "GER"]
[SourceTitle "EXT 2013"]
[Source "ChessBase"]
[SourceDate "2012.11.22"]
[SourceVersion "1"]
[SourceVersionDate "2012.11.22"]
[SourceQuality "1"]

1. e4 c5 2. d4 e6 3. Nf3 a6 4. Bd3 cxd4 5. c3 dxc3 6. Nxc3 Bc5 7. 0-0 d6 8. Bc4 Nd7 9. Qe2 Ngf6 10. Bg5 0-0 11. Rfd1 b6 12. e5 dxe5 13. Nxe5 Qc7 14. Nxd7 Nxd7 15. Ne4 Bb7 16. Nxc5 Nxc5 17. Qg4 Ne4 18. Rac1 Qe5 19. Bf4 Qxb2 20. Be3 Rac8 21. Bd4 Nf6 22. Qg3 Nh5 23. Bxb2 Nxg3 24. hxg3 h5 25. Rd7 b5 26. Rxb7 bxc4 27. Rb4 Rfd8 28. Rc2 Ra8 29. Rbxc4 Ra7 30. Rc8 Rxc8 31. Rxc8+ Kh7 32. Be5 Rd7 33. Rc7 Rd5 34. Bf4 Kg6 35. a4 Rd1+ 36. Kh2 Ra1 37. Rc4 Ra2 38. Be3 a5 39. Bb6 f6 40. f3 Rd2 41. Bxa5 Rd5 42. Bc7 e5 43. a5 Rd1 44. Rc6 Kf5 45. a6 Ra1 46. Bb8 g5 47. a7 Ra5 48. Rc4 Ra3 49. Kg1 Ra1+ 50. Kf2 Ra2+ 51. Ke3 g4 52. f4 Ra3+ 53. Kd2 e4 54. Rc5+ Kg6 55. Rc3 Ra4 56. Ke3 f5 57. Rc6+ Kf7 58. Rh6 Ra3+ 59. Kd4 e3 60. Rxh5 Kf6 61. Rh1 1-0

[Event "Bad Godesberg op 15th"]
[Site "Bad Godesberg"]
[Date "2011.07.23"]
[Round "1"]
[White "Glienke, Norbert"]
[Black "Pislaru, Marius Alexander"]
[Result "1-0"]
[WhiteElo "1664"]
[BlackElo "1313"]
[PlyCount "73"]
[EventDate "2011.07.23"]
[EventType "swiss"]
[EventRounds "9"]
[EventCountry "GER"]
[SourceTitle "EXT 2017"]
[Source "ChessBase"]
[SourceDate "2016.10.25"]
[SourceVersion "1"]
[SourceVersionDate "2016.10.25"]
[SourceQuality "1"]

1. d4 e6 2. Nf3 d5 3. e3 Nc6 4. Bd3 Bb4+ 5. c3 Bd6 6. 0-0 Nf6 7. Nbd2 0-0 8. Re1 e5 9. e4 Be6 10. dxe5 Nxe5 11. Nxe5 Bxe5 12. exd5 Bxh2+ 13. Kxh2 Ng4+ 14. Kg3 Qd6+ 15. f4 g5 16. Ne4 gxf4+ 17. Bxf4 Qe7 18. dxe6 Nf6 19. Nxf6+ Qxf6 20. Qg4+ Kh8 21. Be5 Qxe5+ 22. Rxe5 Rg8 23. Rg5 f6 24. Rxg8+ Rxg8 25. Qxg8+ Kxg8 26. Re1 Kf8 27. e7+ Ke8 28. Bxh7 c5 29. Bg6+ Kd7 30. e8Q+ Kc7 31. Re7+ Kb6 32. Qd8+ Ka6 33. Re6+ b6 34. Bd3+ Ka5 35. Qc7 Ka4 36. Qc6+ Ka5 37. Qb5# 1-0

[Event "SVR-op 34th"]
[Site "Reil"]
[Date "2011.04.21"]
[Round "5"]
[White "Melnikov, Valeri"]
[Black "Glienke, Norbert"]
[Result "0-1"]
[WhiteElo "1892"]
[BlackElo "1701"]
[PlyCount "92"]
[EventDate "2011.04.16"]
[EventType "swiss"]
[EventRounds "7"]
[EventCountry "GER"]
[SourceTitle "EXT 2013"]
[Source "ChessBase"]
[SourceDate "2012.11.22"]
[SourceVersion "1"]
[SourceVersionDate "2012.11.22"]
[SourceQuality "1"]

1. g4 g6 2. Bg2 Bg7 3. d4 c5 4. dxc5 Qa5+ 5. c3 Qxc5 6. Be3 Qc7 7. Qd2 d6 8. g5 Nc6 9. Na3 a6 10. Nf3 Rb8 11. Nc2 Na5 12. Na3 b5 13. Bd4 e5 14. Be3 Ne7 15. b4 Nb7 16. Nh4 0-0 17. Rc1 Be6 18. c4 bxc4 19. b5 axb5 20. Nxb5 Qd7 21. a4 d5 22. Ba7 Rbc8 23. e3 Nc6 24. Bb6 Ra8 25. Nc3 Nb4 26. 0-0 Ra6 27. a5 Nxa5 28. Bxa5 Rxa5 29. Nxd5 Rb5 30. Nf6+ Bxf6 31. Qxd7 Bxd7 32. gxf6 Rc8 33. Rfd1 Nd3 34. Ra1 Rb6 35. Ra7 Be6 36. Bf1 e4 37. f4 Bg4 38. Rda1 Rxf6 39. Ra8 Rfc6 40. h3 Be6 41. R8a7 c3 42. Bxd3 exd3 43. Nf3 Bxh3 44. Ne5 d2 45. Nxf7 R6c7 46. Nh6+ Kg7 0-1

[Event "Troisdorf op "]
[Site "Troisdorf"]
[Date "2010.11.09"]
[Round "3"]
[White "Roenker, Sebastian"]
[Black "Glienke, Norbert"]
[Result "1-0"]
[WhiteElo "1596"]
[BlackElo "1729"]
[PlyCount "59"]
[EventDate "2010.10.26"]
[EventType "swiss"]
[EventRounds "7"]
[EventCountry "GER"]
[SourceTitle "EXT 2013"]
[Source "ChessBase"]
[SourceDate "2012.11.22"]
[SourceVersion "1"]
[SourceVersionDate "2012.11.22"]
[SourceQuality "1"]

1. e4 d6 2. f4 Nf6 3. Nc3 g6 4. Nf3 Bg7 5. Be2 0-0 6. d3 c6 7. Be3 Ng4 8. Qd2 Nxe3 9. Qxe3 Nd7 10. d4 Qb6 11. 0-0-0 a5 12. g4 a4 13. a3 Qa5 14. h4 b5 15. Na2 c5 16. g5 Nb6 17. dxc5 Nc4 18. Bxc4 bxc4 19. cxd6 exd6 20. c3 Rd8 21. Nb4 Bb7 22. h5 Re8 23. Nd2 d5 24. hxg6 hxg6 25. Qh3 dxe4 26. Nxc4 Qc7 27. Nd6 Reb8 28. f5 f6 29. Qh7+ Kf8 30. gxf6 1-0

[Event "Troisdorf op"]
[Site "Troisdorf"]
[Date "2009.12.01"]
[Round "6"]
[White "Glienke, Norbert"]
[Black "Wenner, Heinz"]
[Result "0-1"]
[WhiteElo "1681"]
[BlackElo "1779"]
[PlyCount "162"]
[EventDate "2009.10.27"]
[EventType "swiss"]
[EventRounds "7"]
[EventCountry "GER"]
[SourceTitle "EXT 2011"]
[Source "ChessBase"]
[SourceDate "2010.11.26"]
[SourceVersion "1"]
[SourceVersionDate "2010.11.26"]
[SourceQuality "1"]

1. d4 f5 2. Nf3 Nf6 3. Bg5 g6 4. Bxf6 exf6 5. Nc3 c6 6. e4 fxe4 7. Nxe4 d5 8. Nc3 Qe7+ 9. Qe2 Qxe2+ 10. Bxe2 Bh6 11. 0-0 Bf5 12. Bd3 Bxd3 13. cxd3 Kf7 14. Rfe1 Na6 15. a3 Rae8 16. b4 Nc7 17. a4 Rxe1+ 18. Rxe1 a6 19. b5 axb5 20. axb5 Nxb5 21. Nxb5 cxb5 22. Rb1 Rc8 23. h3 Rc1+ 24. Rxc1 Bxc1 25. Kf1 Ke6 26. Ke1 Kd6 27. Kd1 Ba3 28. Kc2 Kc6 29. Kb3 Bd6 30. Ng1 Bf4 31. Ne2 Bd2 32. Ng1 Be1 33. f3 Bf2 34. Ne2 Be3 35. Kb4 Bf2 36. Kb3 Be3 37. Kb4 Bh6 38. Kb3 Bd2 39. Kc2 Ba5 40. Kb3 Bc7 41. Kb4 Bd6+ 42. Kb3 b4 43. Nc1 Kb5 44. Ne2 Bb8 45. Nc1 Bf4 46. Na2 Bd2 47. Kc2 Be1 48. Kb3 h5 49. Nc1 Bd2 50. Na2 Bc3 51. g4 h4 52. f4 g5 53. fxg5 fxg5 54. Nc1 Bxd4 55. Ne2 Kc5 56. Kc2 Be3 57. Kb3 Kb5 58. Kb2 Ka4 59. Ka2 b3+ 60. Kb2 Kb4 61. Kb1 Bf4 62. Kb2 Be5+ 63. Kb1 Ka3 64. Ng1 b2 65. Nf3 Bf6 66. d4 Bd8 67. Ne5 Bc7 68. Nf7 Bf4 69. Nd8 Be3 70. Ne6 b6 71. Nc7 Kb3 72. Nxd5 Bxd4 73. Nxb6 Kc3 74. Na4+ Kd2 75. Nxb2 Bxb2 76. Kxb2 Ke3 77. Kc2 Kf3 78. Kd3 Kg3 79. Ke3 Kxh3 80. Kf3 Kh2 81. Kf2 h3 0-1